A Magyarországi Zarándokutak Turisztikai Hasznosítása

Bibliographic Details
Main Author: Fodor-Pap Barbara
Other Authors: Schultz Éva
Format: Thesis
Kulcsszavak:zarándok
vallási turizmus
Esztergom
Online Access:http://dolgozattar.uni-bge.hu/15005

MARC

LEADER 00000nta a2200000 i 4500
001 dolg15005
005 20180706130124.0
008 180427suuuu hu om 000 hun d
040 |a BGE Dolgozattár Repozitórium  |b hun 
041 |a hu 
100 1 |a Fodor-Pap Barbara 
245 1 2 |a A Magyarországi Zarándokutak Turisztikai Hasznosítása  |c Fodor-Pap Barbara  |h [elektronikus dokumentum] 
695 |a zarándok 
695 |a vallási turizmus 
695 |a Esztergom 
700 1 |a Schultz Éva  |e ths 
856 4 0 |u http://dolgozattar.uni-bge.hu/15005/1/Fodor-Pap%20Barbara%202018%20Szakdolgozat.pdf  |z Dokumentum-elérés